Orphelins de fiction - Statistiques

Statistiques générales
  • Ce quiz a été pris 91 fois
  • Le résultat moyen est 19 sur 40
Statistiques - réponses
Personnage Univers % Correct
Harry Potter Harry Potter
96%
Mowgli Le Livre de la Jungle
96%
Tarzan Tarzan
95%
Bruce Wayne Batman
92%
Son Goku Dragon Ball
91%
Rey Skywalker Star Wars
91%
Link The Legend of Zelda
89%
Frodon Sacquet Le Seigneur des Anneaux
84%
Daenerys Targaryen Game of Thrones
81%
Oliver Twist Oliver Twist
77%
Elsa d'Arendelle La Reine des Neiges
71%
Nagato (ou Pain) Naruto
67%
Rémi Rémi Sans famille
65%
Tanjiro Kamado Demon Slayer
61%
Esteban Les Mystérieuses Cités d'Or
60%
Nico Robin One Piece
59%
Natsu Dragnir Fairy Tail
56%
Aang Avatar le dernier maître de l'air
49%
Kurapika Hunter X Hunter
48%
Seiya Saint Seiya
47%
Samus Metroid
37%
Po Ping Kung Fu Panda
36%
Kal-El Superman
36%
Dorothy Gale Le Magicien d'Oz
35%
Sarah Princesse Sarah
33%
Draken Tokyo Revengers
32%
Violette Baudelaire Les Désastreuses Aventuresdes Orphelins Baudelaire
31%
Peter (et son dragon) Peter et Elliott le Dragon
29%
Orihime Inoue Bleach
28%
Arthur "Moustique" Merlin l'Enchanteur
27%
Emma (avec Normanet Ray) The Promised Neverland
25%
Gintoki Gintama
20%
Seita (et sa soeur Setsuko) Le Tombeau des Lucioles
19%
Pi Patel L'Odyssée de Pi
19%
Anne Shirley Anne with an E
17%
Enak Alix
3%
Lightning Final Fantasy XIII
3%
Sarah Manning Orphan Black
1%
Jack Crabb Little Big Man
0%
Rico Made in Abyss
0%
Aucun quiz correspondant
Distribution des résultats
% des personnes avec chaque résultat
Percentile par nombre de réponses
Votre historique - résultats
Vous n’avez pas pris ce quiz